| 000 | 00856nam a22002777a 4500 | ||
|---|---|---|---|
| 001 | 200446156 | ||
| 999 |
_c200446156 _d64368 |
||
| 003 | TR-AnTOB | ||
| 005 | 20241121112232.0 | ||
| 007 | ta | ||
| 008 | 220110s2021 ||||| |||| 00| 0 tur d | ||
| 020 | _a9786057018298 | ||
| 040 |
_aTR-AnTOB _beng _cTR-AnTOB _erda |
||
| 041 | 0 | _atur | |
| 050 | _aDR566 | ||
| 090 |
_aDR566 _b.B35 2021 |
||
| 100 | 1 |
_989796 _aBakırcı, Fahri _eauthor |
|
| 245 |
_aKuruluşundan günümüze TBMM’nin denetim yetkisinin sönümlenmesi : _b(Denetimden kaçış) / _cDoç. Dr. Fahri Bakırcı. |
||
| 264 | 1 |
_aAnkara : _bLYKEİON Yayınları, _c2021. |
|
| 300 |
_a512 pages : _btables ; _c23 cm. |
||
| 336 |
_2rdacontent _atext _btxt |
||
| 337 |
_2rdamedia _aunmediated _bn |
||
| 338 |
_2rdacarrier _avolume _bnc |
||
| 650 | 0 |
_aHukuk _zTürkiye _xTarih _915230 |
|
| 942 |
_2lcc _cBK |
||